<?xml version="1.0" encoding="UTF-8"?>
<record
    xmlns:xsi="http://www.w3.org/2001/XMLSchema-instance"
    xsi:schemaLocation="http://www.loc.gov/MARC21/slim http://www.loc.gov/standards/marcxml/schema/MARC21slim.xsd"
    xmlns="http://www.loc.gov/MARC21/slim">

  <leader>00485nam a22001697a 4500</leader>
  <controlfield tag="005">20240904145436.0</controlfield>
  <controlfield tag="008">240904b        |||||||| |||| 00| 0 eng d</controlfield>
  <datafield tag="022" ind1=" " ind2=" ">
    <subfield code="a">16824490</subfield>
  </datafield>
  <datafield tag="041" ind1=" " ind2=" ">
    <subfield code="a">English</subfield>
  </datafield>
  <datafield tag="082" ind1=" " ind2=" ">
    <subfield code="a">349 TYD</subfield>
  </datafield>
  <datafield tag="100" ind1=" " ind2=" ">
    <subfield code="l">English</subfield>
  </datafield>
  <datafield tag="245" ind1=" " ind2=" ">
    <subfield code="a">Tydskrif vir Hedendaagse Romeins-Hollandse Reg 2023</subfield>
  </datafield>
  <datafield tag="260" ind1=" " ind2=" ">
    <subfield code="a">Durban: </subfield>
    <subfield code="b">LexisNexis (Edms) Bpk, </subfield>
    <subfield code="c">2023 </subfield>
  </datafield>
  <datafield tag="300" ind1=" " ind2=" ">
    <subfield code="b">283 pages; </subfield>
    <subfield code="c">25 cm. </subfield>
  </datafield>
  <datafield tag="650" ind1=" " ind2=" ">
    <subfield code="a">Legal practice </subfield>
    <subfield code="b">Law</subfield>
  </datafield>
  <datafield tag="942" ind1=" " ind2=" ">
    <subfield code="c">BK</subfield>
    <subfield code="6">ALISON_BN_VRIES</subfield>
  </datafield>
  <datafield tag="999" ind1=" " ind2=" ">
    <subfield code="c">3016</subfield>
    <subfield code="d">3016</subfield>
  </datafield>
  <datafield tag="952" ind1=" " ind2=" ">
    <subfield code="0">0</subfield>
    <subfield code="1">0</subfield>
    <subfield code="2">ddc</subfield>
    <subfield code="3">Nommer 2 Mei 2023</subfield>
    <subfield code="4">0</subfield>
    <subfield code="6">349_000000000000000_TYD</subfield>
    <subfield code="7">0</subfield>
    <subfield code="8">TXBK</subfield>
    <subfield code="9">5784</subfield>
    <subfield code="a">LSN</subfield>
    <subfield code="b">LSN</subfield>
    <subfield code="c">TYDSV</subfield>
    <subfield code="d">2024-09-04</subfield>
    <subfield code="l">0</subfield>
    <subfield code="o">349 TYD</subfield>
    <subfield code="p">LSN/2024/1</subfield>
    <subfield code="r">2024-09-04 00:00:00</subfield>
    <subfield code="w">2024-09-04</subfield>
    <subfield code="y">BK</subfield>
  </datafield>
  <datafield tag="952" ind1=" " ind2=" ">
    <subfield code="0">0</subfield>
    <subfield code="1">0</subfield>
    <subfield code="2">ddc</subfield>
    <subfield code="3">Nommer 4 November 2023</subfield>
    <subfield code="4">0</subfield>
    <subfield code="6">349_000000000000000_TYD</subfield>
    <subfield code="7">0</subfield>
    <subfield code="8">TXBK</subfield>
    <subfield code="9">5785</subfield>
    <subfield code="a">LSN</subfield>
    <subfield code="b">LSN</subfield>
    <subfield code="c">TYDSV</subfield>
    <subfield code="d">2024-09-04</subfield>
    <subfield code="l">0</subfield>
    <subfield code="o">349 TYD</subfield>
    <subfield code="p">LSN/2024/4</subfield>
    <subfield code="r">2024-09-04 00:00:00</subfield>
    <subfield code="w">2024-09-04</subfield>
    <subfield code="y">BK</subfield>
  </datafield>
  <datafield tag="952" ind1=" " ind2=" ">
    <subfield code="0">0</subfield>
    <subfield code="1">0</subfield>
    <subfield code="2">ddc</subfield>
    <subfield code="3">November 3 Augustus  2023</subfield>
    <subfield code="4">0</subfield>
    <subfield code="6">349_000000000000000_TYD</subfield>
    <subfield code="7">0</subfield>
    <subfield code="8">TXBK</subfield>
    <subfield code="9">6028</subfield>
    <subfield code="a">LSN</subfield>
    <subfield code="b">LSN</subfield>
    <subfield code="c">TYDSV</subfield>
    <subfield code="d">2024-10-15</subfield>
    <subfield code="l">0</subfield>
    <subfield code="o">349 TYD</subfield>
    <subfield code="p">LSN/2024/118</subfield>
    <subfield code="r">2024-10-15 00:00:00</subfield>
    <subfield code="w">2024-10-15</subfield>
    <subfield code="y">BK</subfield>
  </datafield>
</record>
